Library Logo

Pioneer International University Library Catalogue

THE RED TAILS : (Record no. 9838)

MARC details
000 -LEADER
fixed length control field 00469nam a22001577a 4500
003 - CONTROL NUMBER IDENTIFIER
control field OSt
005 - DATE AND TIME OF LATEST TRANSACTION
control field 20251119125030.0
008 - FIXED-LENGTH DATA ELEMENTS--GENERAL INFORMATION
fixed length control field 251119b |||||||| |||| 00| 0 eng d
020 ## - INTERNATIONAL STANDARD BOOK NUMBER
International Standard Book Number 0789154870
040 ## - CATALOGING SOURCE
Transcribing agency COVER TO COVER BOOKS
050 ## - LIBRARY OF CONGRESS CALL NUMBER
Classification number D 810 .J66 2001
Item number .J66 2001
245 ## - TITLE STATEMENT
Title THE RED TAILS :
Remainder of title WORL WAR II 'S TUSKEGEE AIRMEN/
Statement of responsibility, etc. JONES, L. STEVEN
250 ## - EDITION STATEMENT
Edition statement 1ST EDITION
260 ## - PUBLICATION, DISTRIBUTION, ETC.
Place of publication, distribution, etc. UNITED STATES OF AMERICA :
Name of publisher, distributor, etc. COVER TO COVER BOOKS,
Date of publication, distribution, etc. 2001
942 ## - ADDED ENTRY ELEMENTS (KOHA)
Source of classification or shelving scheme Library of Congress Classification
Koha item type Books
Suppress in OPAC No
Holdings
Withdrawn status Lost status Source of classification or shelving scheme Damaged status Not for loan Home library Current library Date acquired Total checkouts Barcode Date last seen Price effective from Koha item type
    Library of Congress Classification     PIU Library PIU Library 11/19/2025   PIUDL792 11/19/2025 11/19/2025 Books